| 000 | 00654nam a2200217 u 4500 | ||
|---|---|---|---|
| 005 | 20220920101148.0 | ||
| 008 | 100611s2008 es r 000 0 eng d | ||
| 020 | _a9788466636186 | ||
| 035 | _aUPN01000176465 | ||
| 049 | _aCG | ||
| 050 | 4 |
_aPR6106 L4.7 _bC6.7 |
|
| 100 | 1 |
_aFletcher, Charlie, _d1960- _941980 |
|
| 245 | 1 | 0 |
_aCorazón de piedra / _cCharlie Fletcher ; tr. Irene Saslavsky |
| 260 |
_aBarcelona, Esp. : _bEdiciones B, _c2008. |
||
| 300 | _a332 p. | ||
| 534 |
_pTraducción de: _tStoneheart |
||
| 650 | 0 |
_aEstatuas _vNovela _926918 |
|
| 650 | 2 |
_aEspacio y tiempo _94017 |
|
| 651 | 4 |
_aLONDRES, INGLATERRA - _vNOVELA _92403 |
|
| 905 | _aLibro | ||
| 999 |
_c148568 _d148568 |
||